Go in this Direction! - Sudden Death - Statistics

General Stats
  • This quiz has been taken 254 times
  • The average score is 21 of 28
Answers on the Grid
Answers color-coded by a green-red scale on the quiz's grid according to % correct below.
Down
Left
Right
Right
Down
Right
Right
Up
Down
Down
Right
Left
Down
Left
Left
Right
Up
Right
Down
Left
Down
Left
Left
Down
Up
Down
Up
Left
Left
Up
Down
Left
Down
Right
Down
Right
Down
Down
Left
Up
Right
Right
Right
Down
Left
Left
Up
Down
Right
END
 
Answer Stats
Answer % Correct
Right
94%
Down
92%
Up
92%
Down
86%
Right
85%
Right
85%
Right
83%
Down
78%
Left
78%
Down
77%
Left
77%
Right
77%
Down
75%
Down
74%
Down
74%
Left
74%
Left
74%
Down
73%
Left
73%
Down
72%
Up
72%
Down
71%
Right
71%
Right
71%
Right
70%
Down
66%
END
66%
Right
65%
No matching quizzes found
Score Distribution
Percent of People with Each Score
Percentile by Number Answered
Your Score History
You have not taken this quiz